"Querer é poder II" (Registo nº 741)

Detalhes MARC
000 -Etiqueta do registo
Cabeçalho 00864nam0a22003011 4500
005 - Identificador da versão
Campo de controlo 20240813121812.0
010 ## - Número internacional normalizado dos livros (ISBN)
Número (ISBN) 9729864519
021 ## - Número do Depósito Legal
Código do país PT
Número 158158/00
035 ## - Other System Control Numbers
System Control Number 0000811
System Control Number 0000806
System Control Number 0000799
System Control Number 0000787
100 ## - Dados gerais de processamento
Dados gerais de processamento 20071026d2001 a e0pory5003 ba
102 ## - Pais de publicação ou produção
País de publicação Portugal
101 0# - Língua de publicação
Língua do texto, banda sonora, etc. Português
Língua do documento no original Português
106 ## - Campo de dados codificados: material textual
Dados codificados do material textual r
105 ## - Campo de dados codificados: livros
Dados codificados dos livros a z 001yy
215 ## - Descrição física 
Indicação específica da natureza do documento e extensão da espécie 108 p.
Outras indicações físicas il.
Dimensões cm
200 1# - Titulo e menção de responsabilidade
Título próprio "Querer é poder II"
Título paralelo Programa de Prevenção doTabagismo para o 3º Ciclo do Ensino Básico
Primeira menção de responsabilidade Paulo Duarte Vitória, Carlota Simões Raposo, Filipa Alves Peixoto
Outras menções de responsabilidade Il.Manuela Bacelar
205 ## - Menção da edição
Menção da edição 1ª ed.
210 ## - Publicação, Distribuição, etc. 
Lugar da edição, distribuição, etc. Lisboa
Nome do editor, distribuidor, etc. Conselho de Prevenção do Tabagismo
Data da publicação, distribuição, etc. 2001
675 ## - Classificação Decimal Universal (CDU)
Notação 612.8
Língua da edição por
702 #1 - Nome de autor-pessoa física (responsabilidade secundária)
Número de registo de entrada de autoridade 0001025
Código de função Ilustrador / Técnico de desenho computorizado
700 #1 - Nome de autor-pessoa física (responsabilidade principal)
Número de registo de entrada de autoridade 0001024
Palavra de ordem Vitória
942 ## - Elementos de entrada adicionados (Koha)
Tipo de item no Koha Livro
Exemplares
Situação do levantamento Origin of item (home branch) (coded) Biblioteca de empréstimo Código de barras Circulation type (not for loan) Tipo de documento Nota do exemplar Damaged status
  Biblioteca Escolar Eng. Nuno Mergulhão Biblioteca Escolar Eng. Nuno Mergulhão BENM1270   Livro Sem mensagem